<?xml version="1.0" encoding="UTF-8"?>
<record
    xmlns:xsi="http://www.w3.org/2001/XMLSchema-instance"
    xsi:schemaLocation="http://www.loc.gov/MARC21/slim http://www.loc.gov/standards/marcxml/schema/MARC21slim.xsd"
    xmlns="http://www.loc.gov/MARC21/slim">

  <leader>01172cam a22003017a 4500</leader>
  <controlfield tag="003">OSt</controlfield>
  <controlfield tag="005">20170830142533.0</controlfield>
  <controlfield tag="008">170830e2017----spc||||  |||| 00| 0 spa|d</controlfield>
  <datafield tag="017" ind1=" " ind2=" ">
    <subfield code="a">DL B 4924-2017</subfield>
    <subfield code="b">Biblioteca de Catalunya</subfield>
  </datafield>
  <datafield tag="020" ind1=" " ind2=" ">
    <subfield code="a">9788499927527</subfield>
  </datafield>
  <datafield tag="040" ind1=" " ind2=" ">
    <subfield code="b">cat</subfield>
    <subfield code="c">CDMR</subfield>
  </datafield>
  <datafield tag="100" ind1="1" ind2=" ">
    <subfield code="a">Soto Ivars, Juan,</subfield>
    <subfield code="d">1985-</subfield>
  </datafield>
  <datafield tag="245" ind1="1" ind2="0">
    <subfield code="a">Arden las redes </subfield>
    <subfield code="b">: la poscensura y el nuevo mundo virtual /</subfield>
    <subfield code="c">Juan Soto Ivars</subfield>
  </datafield>
  <datafield tag="250" ind1=" " ind2=" ">
    <subfield code="a">Primera edici&#xF3;n</subfield>
  </datafield>
  <datafield tag="260" ind1=" " ind2=" ">
    <subfield code="a">Barcelona :</subfield>
    <subfield code="b">Debate,</subfield>
    <subfield code="c">2017</subfield>
  </datafield>
  <datafield tag="300" ind1=" " ind2=" ">
    <subfield code="a">285 p&#xE0;gines ;</subfield>
    <subfield code="c">23 cm</subfield>
  </datafield>
  <datafield tag="500" ind1=" " ind2=" ">
    <subfield code="a">Reimpressions: 2017</subfield>
  </datafield>
  <datafield tag="504" ind1=" " ind2=" ">
    <subfield code="a">Notes. Refer&#xE8;ncies bibliogr&#xE0;fiques</subfield>
  </datafield>
  <datafield tag="650" ind1=" " ind2="7">
    <subfield code="a">Control social</subfield>
    <subfield code="x">Aspectes &#xE8;tics i morals</subfield>
    <subfield code="2">lemac</subfield>
  </datafield>
  <datafield tag="650" ind1=" " ind2="7">
    <subfield code="a">Censura</subfield>
    <subfield code="x">Aspectes &#xE8;tics i morals</subfield>
    <subfield code="2">lemac</subfield>
  </datafield>
  <datafield tag="650" ind1=" " ind2="7">
    <subfield code="a">Boicots</subfield>
    <subfield code="x">Aspectes &#xE8;tics i morals</subfield>
    <subfield code="2">lemac</subfield>
  </datafield>
  <datafield tag="650" ind1=" " ind2="7">
    <subfield code="a">Xarxes socials en l&#xED;nia</subfield>
    <subfield code="x">Aspectes &#xE8;tics i morals </subfield>
    <subfield code="2">lemac</subfield>
  </datafield>
  <datafield tag="650" ind1=" " ind2="7">
    <subfield code="a">Xarxes socials en l&#xED;nia</subfield>
    <subfield code="x">Dret i legislaci&#xF3;</subfield>
    <subfield code="2">lemac</subfield>
  </datafield>
  <datafield tag="650" ind1=" " ind2="7">
    <subfield code="a">Xarxes socials en l&#xED;nia</subfield>
    <subfield code="x">Opini&#xF3; p&#xFA;blica</subfield>
    <subfield code="2">lemac</subfield>
  </datafield>
  <datafield tag="650" ind1=" " ind2="7">
    <subfield code="a">Llibertat d'expressi&#xF3;</subfield>
    <subfield code="x">Aspectes &#xE8;tics i morals</subfield>
    <subfield code="2">lemac</subfield>
  </datafield>
  <datafield tag="650" ind1=" " ind2="7">
    <subfield code="a">Activistes pol&#xED;tics</subfield>
    <subfield code="x">Xarxes  socials</subfield>
    <subfield code="x">Aspectes &#xE8;tics i morals</subfield>
    <subfield code="2">lemac</subfield>
  </datafield>
  <datafield tag="942" ind1=" " ind2=" ">
    <subfield code="c">MON</subfield>
    <subfield code="2">udc</subfield>
  </datafield>
  <datafield tag="999" ind1=" " ind2=" ">
    <subfield code="c">7060</subfield>
    <subfield code="d">7060</subfield>
  </datafield>
  <datafield tag="952" ind1=" " ind2=" ">
    <subfield code="0">0</subfield>
    <subfield code="1">0</subfield>
    <subfield code="4">0</subfield>
    <subfield code="7">0</subfield>
    <subfield code="a">CDMR</subfield>
    <subfield code="b">CDMR</subfield>
    <subfield code="d">2017-08-30</subfield>
    <subfield code="e">Intercanvi</subfield>
    <subfield code="g">18.90</subfield>
    <subfield code="l">12</subfield>
    <subfield code="m">7</subfield>
    <subfield code="o">Ck 3/26</subfield>
    <subfield code="p">CDMR17080001</subfield>
    <subfield code="r">2019-09-13</subfield>
    <subfield code="s">2019-09-02</subfield>
    <subfield code="w">2017-08-30</subfield>
    <subfield code="y">MON</subfield>
  </datafield>
</record>
